000
00214nam a2200097Ia 4500
008
230508s1989 xx 000 0 und d
041
_a
eng
100
_a
H COTTON
245
_a
ELECTRICAL TECHNOLOGY
260
_c
1989
999
_c
324953
_d
324953